<?xml version="1.0" encoding="UTF-8"?>
<collection xmlns="http://www.loc.gov/MARC21/slim">
 <record>
  <leader>01729naa a2200217 i 4500</leader>
  <controlfield tag="001">acta62332</controlfield>
  <controlfield tag="005">20260224081030.0</controlfield>
  <controlfield tag="008">191113s2019    hu      o     000   hun d</controlfield>
  <datafield tag="022" ind1=" " ind2=" ">
   <subfield code="a">2064-809X</subfield>
  </datafield>
  <datafield tag="040" ind1=" " ind2=" ">
   <subfield code="a">SZTE Egyetemi Kiadványok Repozitórium</subfield>
   <subfield code="b">hun</subfield>
  </datafield>
  <datafield tag="041" ind1=" " ind2=" ">
   <subfield code="a">hun</subfield>
  </datafield>
  <datafield tag="100" ind1="1" ind2=" ">
   <subfield code="a">Lengyel Emese</subfield>
  </datafield>
  <datafield tag="245" ind1="1" ind2="2">
   <subfield code="a">A modern operett tánctrendjei a 19. század második felében </subfield>
   <subfield code="h">[elektronikus dokumentum] :</subfield>
   <subfield code="b">Offenbach, Párizs és a kánkán /</subfield>
   <subfield code="c"> Lengyel Emese</subfield>
  </datafield>
  <datafield tag="260" ind1=" " ind2=" ">
   <subfield code="c">2019</subfield>
  </datafield>
  <datafield tag="300" ind1=" " ind2=" ">
   <subfield code="a">139-151</subfield>
  </datafield>
  <datafield tag="490" ind1="0" ind2=" ">
   <subfield code="a">Móra Akadémia</subfield>
   <subfield code="v">6</subfield>
  </datafield>
  <datafield tag="490" ind1="0" ind2=" ">
   <subfield code="a">Móra Akadémia : szakkollégiumi tanulmánykötet 6.</subfield>
   <subfield code="v">6</subfield>
  </datafield>
  <datafield tag="520" ind1="3" ind2=" ">
   <subfield code="a">The aim of the study is to examine how French cancan has become one of the most popular dances in the structure of modern operetta. It is a well-known fact that operetta genre has evolved in the 1850s. From 1850, composer Jacques Offenbach has created the new style of musical theatre and the structure of French operetta and its functions. This research focusing on the appearance and the history and also the evolution of a new operetta-dance. Moreover, the Frenchstyle operettas and the Offenbach's operettas are an imprint of a given age, those cultural products including cultural, social and political references. Giving an analysis of Orpheus in the Underworld (1858) and focusing on identify what type of dances could be popular at stage at the age of Offenbach. Thus, we could present the history of cancan and its functions (dance and politics, cancan as a part of the narrative) in that operetta.</subfield>
  </datafield>
  <datafield tag="695" ind1=" " ind2=" ">
   <subfield code="a">Tánc története - 19. sz., Kánkán, Operett - magyar - 19. sz.</subfield>
  </datafield>
  <datafield tag="700" ind1="0" ind2="1">
   <subfield code="a">Lengyel Zsanett</subfield>
   <subfield code="e">aut</subfield>
  </datafield>
  <datafield tag="856" ind1="4" ind2="0">
   <subfield code="u">http://acta.bibl.u-szeged.hu/62332/1/moraakademia_006_139-151.pdf</subfield>
   <subfield code="z">Dokumentum-elérés </subfield>
  </datafield>
 </record>
</collection>
